LEADER 01249nam--2200385---450- 001 990003588650203316 005 20111110144024.0 010 $a78-88-387-6714-9 035 $a000358865 035 $aUSA01000358865 035 $a(ALEPH)000358865USA01 035 $a000358865 100 $a20111110d2011----km-y0itay50------ba 101 $aita 102 $aIT 105 $ay|||||||001yy 200 1 $aPalestre e impianti sportivi$ebusiness plan per tutti$epensa, controlla e sviluppa la tua attivitą dalla A alla Z$fTommaso Licchetta, Robera Di Chiara 210 $aSantarcangelo di Romagna$cMaggioli$d2011 215 $a218 p.$d21 cm$e1 cd-rom 225 2 $aStart up$v7 410 0$122001$aStart up$v, 7 606 0 $aImpianti sportivi$xGestione$2BNCF 676 $a796.068$v22 700 1$aLICCHETTA,$bTommaso$0609899 701 1$aDI CHIARA,$bRoberta$0610606 801 0$aIT$bsalbc$gISBD 912 $a990003588650203316 951 $a796.068 LIC 1$b72929 G.$c796.068$d00267336 959 $aBK 969 $aECO 979 $aCHIARA$b90$c20111110$lUSA01$h1436 979 $aCHIARA$b90$c20111110$lUSA01$h1439 979 $aCHIARA$b90$c20111110$lUSA01$h1440 996 $aPalestre e impianti sportivi$91136132 997 $aUNISA LEADER 01103nam--2200361---450 001 990002844050203316 005 20220516093122.0 010 $a88-06-18116-5 035 $a000284405 035 $aUSA01000284405 035 $a(ALEPH)000284405USA01 035 $a000284405 100 $a20061207h2006----km-y0itay50------ba 101 1 $aita 102 $aIT 105 $aa|||z|||001yy 200 1 $a<> architetti del Partenone$fRhys Carpenter$g[traduzione di Aldo Martignetti] 210 $aTorino$cEinaudi$d2006 215 $aXV, 152 p., [16] carte di tavole$cill.$d20 cm 225 2 $aPiccola biblioteca Einaudi$hN. S.$v330 410 $12001$aPiccola biblioteca Einaudi$hN. S. 454 $12001$a<> architets of the Parthenon$915355 606 0 $aAtene$xPartenone 676 $a722.809385 700 1$aCARPENTER,$bRhys$024849 702 1$aMARTIGNETTI,$bAldo 801 0$aIT$bsalbc$gISBD 912 $a990002844050203316 951 $aXI.3.B. 358$b19832 Ing.$cXI.3.$d00119939 959 $aBK 969 $aUMA 996 $aArchitets of the Parthenon$915355 997 $aUNISA